Splatoon Maps - Statistics

General Stats
  • This quiz has been taken 92 times
  • The average score is 25 of 43
Answer Stats
Answer % Correct
Moray Towers
80%
Urchin Underpass
76%
Flounder Heights
74%
Wahoo World
74%
Inkblot Art Academy
72%
Mahi-Mahi Resort
70%
Saltspray Rig
69%
Camp Triggerfish
65%
Hammerhead Bridge
65%
Humpback Pump Track
65%
Kelp Dome
65%
Museum d'Alfonsino
65%
Arowana Mall
63%
Blackbelly Skatepark
63%
Manta Maria
63%
Ancho-V-Games
61%
Bluefin Depot
61%
Eeltail Alley
61%
Scorch Gorge
61%
The Reef
61%
Walleye Warehouse
61%
Port Mackerel
59%
Piranha Pit
57%
Hagglefish Market
56%
MakoMart
56%
Starfish Mainstage
56%
Mincemeat Metalworks
54%
Undertow Spillway
54%
Skipper Pavilion
52%
Marlin Airport
50%
New Albacore Hotel
50%
Robo ROM-en
50%
Sturgeon Shipyard
48%
Brinewater Springs
46%
Barnacle & Dime
44%
Lemuria Hub
44%
Musselforge Fitness
44%
Shellendorf Institute
44%
Crableg Capital
41%
Snapper Canal
41%
Um'ami Ruins
41%
Goby Arena
39%
Shipshape Cargo Co
37%
No matching quizzes found
Score Distribution
Percent of People with Each Score
Percentile by Number Answered
Your Score History
You have not taken this quiz